| 000 | 00704nam a22002057a 4500 | ||
|---|---|---|---|
| 003 | OSt | ||
| 005 | 20251121154951.0 | ||
| 008 | 251121b |||||||| |||| 00| 0 eng d | ||
| 020 | _a9789715846486. | ||
| 040 |
_aDWCL-Main lib. _cOC |
||
| 082 |
_2Second edition, expand _aFil. 941.25 F146w 2008 |
||
| 100 | _aFadul, Jose A. | ||
| 245 |
_aA workbook for a course in Rizal/ _cJose A. Fadul |
||
| 250 | _aSecond edition, expand | ||
| 260 |
_aQuezon City : _bC & E Publishing Inc., _cc2008. |
||
| 300 |
_axiii, 178 pages : _billustrations ; _c21 cm. |
||
| 504 | _aIncludes bibliographical references. | ||
| 650 | _aRizal, Jose--Biography. | ||
| 942 |
_2ddc _cBK - FIL _eSecond edition, expand _hFil. _n0 |
||
| 999 |
_c6026 _d6026 |
||